| 000 | 00558nam a2200169 i 4500 | ||
|---|---|---|---|
| 001 | 149505 | ||
| 003 | ES-MaACL | ||
| 007 | t| | ||
| 008 | 071023s1971 sp ||||1| spa d | ||
| 100 | 1 |
_aVarela Mosquera, Gregorio. _9113168 |
|
| 245 | 1 | 3 |
_aLa nutrición de los españoles / _cGregorio Varela Mosquera. |
| 250 | _a[1ª ed.]. | ||
| 260 |
_aMadrid : _b[Escuela Nacional de Administración Pública], _c1971. |
||
| 300 |
_a333 p. ; _c22 cm. |
||
| 710 | 2 |
_aEscuela Nacional de Administración Pública (España) _93576 |
|
| 852 |
_aES-MaACL _jE-7047 _bR.91685 |
||
| 999 |
_c149505 _d149505 |
||